Coronavr̕us Impactos no Direito de Faml̕ia e Sucesse̳s

Detalles Bibliográficos
Autor principal: Maia Nevares, Ana Luiza
Otros Autores: Pedroso Xavier, Marl̕ia, Felipe Marzagô, Silvia
Formato: eBook
Lenguaje:portugués
Publicado: Indaiatuba: Editora Foco, 2020
Materias:
Acceso en línea:Acceso restringido

MARC

LEADER 00000nam a22000007a 4500
005 20211213223957.0
007 cr|||| ||||
008 211213s2020 br |||||s|||| 00||0 por d
020 |a 978-65-5515-066-7 
035 |a 35448 
040 |a vLex 
090 |c 12700  |d 12700 
100 1 |a Maia Nevares, Ana Luiza 
245 1 0 |a Coronavr̕us Impactos no Direito de Faml̕ia e Sucesse̳s  |h [Recurso electrn̤ico] /  |c Ana Luiza Maia Nevares, Marl̕ia Pedroso Xavier, Silvia Felipe Marzagô 
256 |a Servicio en ln̕ea 
260 |a Indaiatuba:  |b Editora Foco,  |c 2020 
300 |a 1 recurso electrn̤ico 
500 |a “Pessoalmente vi nascer a obra. Participei das discusse̳s que precederam os capt̕ulos que hoje a formam. Vi o entusiasmo dos autores e a dedicaȯ̂ das coordenadoras. É realmente um bl̀samo que nos afaga, neste difc̕il pero̕do. Difc̕il para as pessoas, difc̕il para os profissionais da sad︢e, difc̕il para ns̤ outros, da r̀ea jurd̕ica, porque j ̀conseguimos “antecipar ou prever” a torrente de conflitos que se dar ̀na realidade ps̤- -pandm̊ica e dos quais, na maior parte das vezes, resultar ̀uma “pandemia de aė̳s”, como disse o Professor Paulo Nalin, recentemente. Foi assim que nasceu a ideia de produzir, com rapidez, esta obra coletiva. Sim, porque diante de problemas e desafios novos, diante de tantas dv︢idas e poucas soluė̳s, nada mais efetivo que o poder do coletivo. Duas cabeȧs, j ̀diziam os antigos, pensam melhor do que uma. E ̌esse o espr̕ito desta obra: explorar, ao mx̀imo, a forȧ da uniô de pessoas que vivem o Direito das Faml̕ias e das Sucesse̳s. (...) Contudo, a riqueza do debate, a complementaȯ̂ das ideias e o pulsar do coletivo, tô fortes, tô amplos, nô podiam terminar por ali e ganharam, por assim dizer, vida prp̤ria: o livro Coronavr̕us: impactos no Direito das Faml̕ias e de Sucesse̳s. Ana Luiza Maia Nevares, Marl̕ia Pedroso Xavier e Silvia Felipe Marzagô ponderaram – com razô – que a magnitude da produȯ̂ de um coletivo tô rico e diversificado, nô poderia se restringir s̉ longas discusse̳s que aconteceram naqueles dias. Merecia ter vida. Nascia assim a ideia de eternizar, sob a forma de livro, o produto daquilo que, de melhor, trouxe a estas extraordinr̀ias pessoas, o desafiador pero̕do de isolamento social e distanciamento fs̕ico: a aproximaȯ̂ virtual. É certo que a riqueza argumentativa e as sofisticadas problematizaė̳s feitas nos debates serviram de convite para que tudo isso fosse compartilhado com a comunidade jurd̕ica brasileira. Para a construȯ̂ final dessa obra, juntaram-se ao referido grupo de doutrinadoras convidados externos que certamente abrilhantam ainda mais as refinadas reflexe̳s levadas a efeito. O livro, sem dv︢ida, ser ̀verdadeiro marco ter̤ico para o enfrentamento das queste̳s atinentes ao direito das faml̕ias e sucesse̳s, auxiliando todos os operadores do direito a desvelar as complexas e dramt̀icas realidades criadas pelo momento pandm̊ico”. 
506 1 |a Disponible solo en los productos indicados  |d vLex Global  |d vLex Global (Academic Edition, excluding Law Schools)  |d vLex Global (U.S. Academic Edition, Law Schools)  |d vLex Global (U.S. Academic Edition, excluding Law Schools)  |d vLex Global (Academic Edition, Law Schools) 
650 0 4 |a Familia y Sucesiones  |z Brasil 
700 1 |a Pedroso Xavier, Marl̕ia 
700 1 |a Felipe Marzagô, Silvia 
740 0 |a vLex Libros (Servicio en ln̕ea) 
856 4 0 |u https://app.vlex.com/#/sources/35448  |z Acceso restringido 
942 |c BOOK 
999 0 |a Family and Successions